000 00463 a2200157 4500
999 _c465
_d465
020 _a9780435308308
050 _aD421 KEL 2011
100 _aKelly, Nigel
_eauthor
245 _aModern world history for OCR specification 1937 /
_cNigel Kelly and Greg Lacey
264 _aHarlow, Essex :
_bHeinemann,
_c2011
300 _a264p. :
_bill. (col.)
500 _aIncludes index
650 _aWorld history
700 _aLacey, Greg
_eauthor
942 _2lcc
_cBK
_h421
_iKEL
_kD